000 00612nam a2200229Ia 4500
003 OSt
005 20220923221827.0
006 a|||||r|||| 00| 0
007 ta
008 220922b |||||||| |||| 00| 0 hin d
024 _a200,278
037 _cTextual
040 _aARTS
_cARTS
_bhin
041 _2hin
_ahin
082 _aQ4:22512:9x1:1, 152J3;1
100 _aधर्मरक्षित
245 0 _aधम्मपद
246 _aDhammapada
260 _c1986
942 _hQ4:22512:9x1:1, 152J3;1
_cTEXL
_2CC
999 _c351950
_d351950